000 00632cam a22002051 4500
999 _c22230
_d22230
001 6586564
003 OSt
005 20200323111316.0
008 871027s1961 ii 000 0 eng
040 _coclc
042 _apremarc
082 _a297.19783412
_bMAL/W
100 _aMalik, Fida Hussain
_92160
245 1 0 _aWives of the Prophet /
_cFida Hussain Malik
260 _aNew Delhi:
_bAdam Publishers,
_c1984.
300 _a146p
_c19 cm.
600 0 0 _aMuḼammad,
_cProphet,
_d-632.
906 _a7
_bcbc
_coclcrpl
_du
_encip
_f19
_gy-gencatlg
942 _2ddc
_cBK
_h297.19783412
_iMAL/W
_k297.19783412
_mMAL/W